El vergonzoso en palacio

Salvato in:
Dettagli Bibliografici
Autore principale: Tirso de Molina (autor)
Natura: Libro
Lingua:spagnolo
Pubblicazione: Santiago Zig-Zag 1956
Serie:Biblioteca Zig-Zag
Soggetti:
Tags: Aggiungi Tag
Nessun Tag, puoi essere il primo ad aggiungerne!!

MARC

LEADER 00000nam a2200000 a 4500
001 UCX2767
003 CL-VaPUC
008 910808e19560000CL |||||||||||||||||spa|d
082 0 4 |a 862  |b TIR  |2 21 
100 |a Tirso de Molina  |e autor  |9 866712 
245 1 3 |a El vergonzoso en palacio 
300 |a 187 p 
942 |c BK 
945 |d 19910808 00:00:00 
260 |a Santiago  |b Zig-Zag  |c 1956 
650 0 |a Drama español  |9 265098 
650 0 |a Literatura española  |9 306261 
583 |a last modification  |c 20160602 17:24:23  |k Rodrigo Vera 
490 0 |a Biblioteca Zig-Zag 
999 |c 223715  |d 223713 
952 |0 0  |1 0  |4 0  |6 862_000000000000000_TIR_1956  |7 0  |8 A  |9 219759  |a BIBEDU  |b BIBEDU  |d 2019-11-15  |i 2884569  |o 862 TIR 1956  |p 2884569  |r 2019-11-15  |w 2019-11-15  |y BK  |k LIT 
952 |0 0  |1 0  |4 0  |6 862_000000000000000_TIR_1956  |7 0  |8 A  |9 219760  |a BIBEDU  |b BIBEDU  |d 2019-11-15  |i 3242927  |o 862 TIR 1956  |p 3242927  |r 2019-11-15  |w 2019-11-15  |y BK  |k LIT 
952 |0 0  |1 0  |4 0  |6 862_000000000000000_TIR_1956  |7 0  |8 A  |9 219761  |a BIBEDU  |b BIBEDU  |d 2019-11-15  |i 3258440  |o 862 TIR 1956  |p 3258440  |r 2019-11-15  |w 2019-11-15  |y BK  |k LIT 
952 |0 0  |1 0  |4 0  |6 862_000000000000000_TIR_1956  |7 0  |8 A  |9 219762  |a BIBEDU  |b BIBEDU  |d 2019-11-15  |i 1436244  |o 862 TIR 1956  |p 1436244  |r 2019-11-15  |w 2019-11-15  |y BK  |k LIT 
952 |0 0  |1 0  |4 0  |6 862_000000000000000_TIR_1956  |7 0  |8 A  |9 219763  |a BIBEDU  |b BIBEDU  |d 2019-11-15  |i 145076K  |o 862 TIR 1956  |p 145076K  |r 2019-11-15  |w 2019-11-15  |y BK  |k LIT